| 000 | 00652nam a22001577a 4500 | ||
|---|---|---|---|
| 003 | OSt | ||
| 005 | 20150927102217.0 | ||
| 008 | 150927b xxu||||| |||| 00| 0 eng d | ||
| 040 | _cRUA | ||
| 082 | _aAGR KHU 2001 B006 Or.1 | ||
| 100 |
_91406 _aKHUON, KOMPHEAK. |
||
| 245 | _aStudy on threshing methods and their effect on quality grain yield with different varieties, សិក្សាពំពីការបើកបែន និងឥទ្ធិពលបាស់វាទៅលើគុណភាពគ្រាប់ស្រូវពូជផ្សេងៗ | ||
| 260 |
_aPhnom Penh _bRUA _c2001 |
||
| 300 |
_a43p. _bill. _c29cm. |
||
| 942 |
_2ddc _cAGR |
||
| 999 |
_c1321 _d1321 |
||